MARC

LEADER 00000nam0a2200000 4500
001 370861
005 20231102012325.0
010 |a 8301008229 
035 |a (RuTPU)RU\TPU\retro\28270 
090 |a 370861 
100 |a 20220810d1980 k y0rusy50 ba 
101 0 |a eng 
102 |a PL 
105 |a a z 001zy 
200 1 |a Amplitude distribution spectrometers  |f S. Waldemar, L. Waldemar 
210 |a Warszawa  |a Amsterdam  |c PWN  |c Elsevier  |d 1980 
215 |a 568 p. 
320 |a Bibliography at the end of chapters 
320 |9 572  |a Subject Index: p. 561-568 
606 1 |a Спектрометры рентгеновские  |2 stltpush  |3 (RuTPU)RU\TPU\subj\55777  |9 73744 
610 1 |a физика 
610 1 |a физика 
610 1 |a измерительные приборы 
610 1 |a оптические приборы 
610 1 |a спектроскопические исследования 
610 1 |a электрические импульсы 
610 1 |a технические характеристики 
610 1 |a амплитудный спектр 
610 1 |a спектральный анализ 
610 1 |a английский язык 
675 |a 539.122.6  |v 4 
700 1 |a Waldemar  |b S.  |g Scharf 
701 1 |a Waldemar  |b L.  |g Lisieski 
801 1 |a RU  |b 63413507  |c 20220810 
801 2 |a RU  |b 63413507  |c 20220810  |g RCR 
942 |c BK